[Event "Charlotte CCCSA Winter"]
[Site "Charlotte"]
[Date "2021.02.15"]
[Round "6"]
[White "Resika, Nathan A"]
[Black "Perrine, Dalton"]
[Result "0-1"]
[WhiteElo "2155"]
[BlackElo "2247"]
[PlyCount "64"]
[EventDate "2021.02.13"]
[EventType "swiss"]
[EventRounds "6"]
[EventCountry "USA"]
[SourceTitle "CBM 200 Extra"]
[Source "ChessBase"]
[SourceDate "2021.03.31"]
[SourceVersion "1"]
[SourceVersionDate "2021.03.31"]
[SourceQuality "1"]

1. Nf3 d5 2. c4 d4 3. b4 g5 4. g3 g4 5. Nh4 e5 6. Bg2 Be7 7. Bb2 Nh6 8. h3 Bxh4 9. gxh4 gxh3 10. Bxh3 Bxh3 11. Rxh3 Rg8 12. Qa4+ Nc6 13. d3 Rg1+ 14. Kd2 Qf6 15. Rf3 Qxh4 16. Na3 Rxa1 17. Bxa1 Qe7 18. b5 Qb4+ 19. Qxb4 Nxb4 20. Rh3 Ng4 21. Rxh7 Ke7 22. f4 a6 23. fxe5 axb5 24. Bxd4 Rxa3 25. Bc5+ Ke6 26. Bxb4 Rxa2+ 27. Kc3 bxc4 28. d4 Ne3 29. Bf8 Kd5 30. Rxf7 Nd1+ 31. Kb4 Rb2+ 32. Ka5 Nc3 0-1

[Event "Wch Seniors 50 28th"]
[Site "Bled"]
[Date "2018.11.28"]
[Round "10"]
[White "Bergstrom, Rolf"]
[Black "Resika, Nathan A"]
[Result "1-0"]
[WhiteElo "2216"]
[BlackElo "2124"]
[PlyCount "149"]
[EventDate "2018.11.18"]
[EventType "swiss"]
[EventRounds "11"]
[EventCountry "SLO"]
[SourceTitle "CBM 187 Extra"]
[Source "ChessBase"]
[SourceDate "2018.11.04"]
[SourceVersion "1"]
[SourceVersionDate "2018.11.04"]
[SourceQuality "1"]

1. e4 c5 2. Nf3 Nc6 3. Bb5 g6 4. Bxc6 bxc6 5. 0-0 Bg7 6. Re1 Nh6 7. c3 0-0 8. d4 cxd4 9. cxd4 d5 10. e5 f6 11. h3 Nf7 12. e6 Ng5 13. Bxg5 fxg5 14. Nc3 Qd6 15. Nxg5 Qf4 16. Nf3 Rb8 17. a3 Rxb2 18. Qc1 Rb8 19. Qxf4 Rxf4 20. Rac1 Rb3 21. Nxd5 cxd5 22. Rxc8+ Bf8 23. Rd8 Rxa3 24. Rc1 Ra6 25. Rc7 Rxe6 26. Rxa7 Rf5 27. Ne5 Rexe5 28. dxe5 Rxe5 29. Raa8 Rf5 30. g4 Rf6 31. Rxd5 Kf7 32. Kg2 Re6 33. Rd3 Bg7 34. Rf3+ Rf6 35. Re3 Re6 36. Rxe6 Kxe6 37. f4 Kf7 38. Ra5 Bc3 39. Rb5 Bf6 40. Kf3 Bg7 41. Ke4 Bf6 42. Rd5 Bh4 43. Rc5 Bf6 44. Rb5 h6 45. Rb7 Bh4 46. f5 Bf6 47. Ra7 Bg5 48. Ra6 Bf6 49. fxg6+ Kxg6 50. Kf4 Kf7 51. Kf5 Kg7 52. Rc6 Bh4 53. Rg6+ Kh7 54. Re6 Kg7 55. Ra6 Bf6 56. Ra5 Kf7 57. Rb5 Bg5 58. Rb1 Bf6 59. Rf1 Bh4 60. Rh1 Kg7 61. Rh2 Kf7 62. Rg2 Bf6 63. Rf2 Bh4 64. Rf3 Bf6 65. Ke4 Kg6 66. Rf5 Bg5 67. Kd5 h5 68. h4 Bxh4 69. Rxh5 Bf6 70. Ke6 Bg5 71. Rh8 Bf6 72. Rg8+ Kh7 73. Kf7 Kh6 74. Rg6+ Kh7 75. g5 1-0

[Event "Budapest FS08 Nadassy"]
[Site "Budapest"]
[Date "2018.08.06"]
[Round "3.5"]
[White "Szalanczy, Emil"]
[Black "Resika, Nathan A"]
[Result "0-1"]
[WhiteElo "2201"]
[BlackElo "2106"]
[PlyCount "122"]
[EventDate "2018.08.04"]
[EventType "team-tourn"]
[EventRounds "10"]
[EventCountry "HUN"]
[SourceTitle "CBM 186 Extra"]
[Source "ChessBase"]
[SourceDate "2018.08.24"]
[SourceVersion "1"]
[SourceVersionDate "2018.08.24"]
[SourceQuality "1"]
[WhiteTeam "Higher Elo"]
[BlackTeam "Lower Elo"]
[WhiteTeamCountry "HUN"]
[BlackTeamCountry "HUN"]

1. e4 c5 2. Nf3 Nc6 3. d4 cxd4 4. Nxd4 Nf6 5. Nc3 d6 6. Bg5 e6 7. Qd2 a6 8. 0-0-0 Bd7 9. f3 Rc8 10. Nxc6 Bxc6 11. Bd3 h6 12. Be3 Be7 13. Kb1 d5 14. Qf2 0-0 15. exd5 exd5 16. Bf5 Ra8 17. g4 b5 18. h4 b4 19. Ne2 Nd7 20. Nd4 Qc7 21. g5 g6 22. gxh6 Kh7 23. Bd3 Bb5 24. h5 Ne5 25. hxg6+ fxg6 26. Qh2 Qd6 27. f4 Ng4 28. Qe2 Nxe3 29. Qxe3 Bxd3 30. Qxd3 Rxf4 31. Rhe1 Bf6 32. Ne2 Rf2 33. Ng3 Be5 34. Nh1 Rf5 35. Qxd5 Qxd5 36. Rxd5 Raf8 37. Nf2 Rxf2 38. Rdxe5 Rc8 39. R5e2 Rxe2 40. Rxe2 Kxh6 41. Re6 a5 42. Re5 Rf8 43. c4 bxc3 44. bxc3 Rf5 45. Re2 g5 46. Rh2+ Kg6 47. Kc2 g4 48. Kd3 g3 49. Rg2 Rf3+ 50. Kd4 Kg5 51. c4 Kf4 52. c5 Rf2 53. Rg1 g2 54. a4 Kg3 55. c6 Rc2 56. Kd5 Kf2 57. Ra1 g1Q 58. Rxg1 Kxg1 59. Kd6 Kf2 60. c7 Ke3 61. Kd7 Kd4 0-1

[Event "Budapest FS08 IM"]
[Site "Budapest"]
[Date "2013.08.08"]
[Round "6"]
[White "Resika, Nathan A"]
[Black "Kantor, Gergely"]
[Result "0-1"]
[WhiteElo "2234"]
[BlackElo "2371"]
[PlyCount "98"]
[EventDate "2013.08.03"]
[EventType "tourn"]
[EventRounds "11"]
[EventCountry "HUN"]
[EventCategory "1"]
[SourceTitle "CBM 155 Extra"]
[Source "ChessBase"]
[SourceDate "2013.08.26"]
[SourceVersion "1"]
[SourceVersionDate "2013.08.26"]
[SourceQuality "1"]

1. c4 e5 2. g3 Nf6 3. Bg2 c6 4. d4 Bb4+ 5. Bd2 Bxd2+ 6. Qxd2 d6 7. Nc3 0-0 8. e3 Re8 9. Nge2 e4 10. 0-0 Bg4 11. h4 Nbd7 12. Nf4 Qe7 13. Rfc1 h6 14. Qc2 Nf8 15. b4 g5 16. hxg5 hxg5 17. Nfe2 Ng6 18. Kf1 Kg7 19. Ng1 Qe6 20. Nxe4 Nxe4 21. Qxe4 Qxe4 22. Bxe4 Rxe4 23. f3 Rxe3 24. Kf2 Rd3 25. fxg4 Rxd4 26. Nf3 Rxg4 27. Rc3 Re8 28. Rd1 Re6 29. Nd4 Rf6+ 30. Kg2 Rff4 31. Nf3 Rxc4 32. Rxc4 Rxc4 33. Rxd6 Rxb4 34. Nxg5 Ne5 35. Rd2 a5 36. Re2 f6 37. Kh3 a4 38. Ne6+ Kf7 39. Ng5+ Kg6 40. Ne6 b5 41. Nf4+ Kf7 42. Rf2 Rb1 43. g4 a3 44. g5 Rb2 45. Rf1 Rxa2 46. g6+ Nxg6 47. Nh5 Ne5 48. Nxf6 Ke6 49. Ne4 Rb2 0-1

[Event "Budapest FS08 IM"]
[Site "Budapest"]
[Date "2013.08.05"]
[Round "3"]
[White "Korley, Kassa"]
[Black "Resika, Nathan A"]
[Result "1-0"]
[WhiteElo "2277"]
[BlackElo "2234"]
[PlyCount "79"]
[EventDate "2013.08.03"]
[EventType "tourn"]
[EventRounds "11"]
[EventCountry "HUN"]
[EventCategory "1"]
[SourceTitle "CBM 155 Extra"]
[Source "ChessBase"]
[SourceDate "2013.08.26"]
[SourceVersion "1"]
[SourceVersionDate "2013.08.26"]
[SourceQuality "1"]

1. d4 g6 2. c4 Nf6 3. Nc3 Bg7 4. Nf3 d6 5. e4 0-0 6. Be2 e5 7. 0-0 Nc6 8. d5 Ne7 9. b4 a5 10. bxa5 Rxa5 11. Nd2 c5 12. a4 Ne8 13. Rb1 f5 14. Nb3 Ra6 15. a5 Nf6 16. f3 Bd7 17. Be3 Qc8 18. Qd2 Kh8 19. Rb2 Rg8 20. Rfb1 f4 21. Bf2 g5 22. Nb5 g4 23. Nxd6 Rxd6 24. Bxc5 Ne8 25. Bxd6 Nxd6 26. Qb4 gxf3 27. Bxf3 Qb8 28. Nc5 Qa7 29. Qb6 Qxb6 30. Rxb6 Nxc4 31. Nxd7 Nxb6 32. Rxb6 Ra8 33. Rxb7 Rxa5 34. Rb8+ Ng8 35. Bh5 Ra1+ 36. Kf2 Ra2+ 37. Kf3 Ra3+ 38. Kg4 Ra2 39. Bf7 h5+ 40. Kxh5 1-0

[Event "Budapest FS08 IM"]
[Site "Budapest"]
[Date "2013.08.04"]
[Round "2"]
[White "Resika, Nathan A"]
[Black "Nguyen Thi Mai, Hung"]
[Result "1/2-1/2"]
[WhiteElo "2234"]
[BlackElo "2225"]
[PlyCount "67"]
[EventDate "2013.08.03"]
[EventType "tourn"]
[EventRounds "11"]
[EventCountry "HUN"]
[EventCategory "1"]
[SourceTitle "CBM 155 Extra"]
[Source "ChessBase"]
[SourceDate "2013.08.26"]
[SourceVersion "1"]
[SourceVersionDate "2013.08.26"]
[SourceQuality "1"]

1. c4 c6 2. g3 d5 3. Nf3 Nf6 4. Bg2 Bf5 5. cxd5 cxd5 6. Qb3 Qb6 7. Qxb6 axb6 8. Nc3 e6 9. 0-0 Nc6 10. d3 Bc5 11. Bf4 h6 12. Nb5 Kd7 13. a3 g5 14. Be5 Be7 15. Bc3 Rhc8 16. Rac1 Bg6 17. Ne5+ Nxe5 18. Bxe5 Ne8 19. Rfd1 Rc5 20. Nc3 Bf6 21. Bxf6 Nxf6 22. Kf1 Rac8 23. Ke1 Ke7 24. Kd2 Nd7 25. b4 R5c6 26. Nb5 f6 27. Rc3 Rxc3 28. Nxc3 Ra8 29. Nb5 Be8 30. Ra1 Rc8 31. Na7 Ra8 32. Nb5 Rc8 33. Na7 Ra8 34. Nb5 1/2-1/2

[Event "Budapest FS07 FM-A"]
[Site "Budapest"]
[Date "2013.07.16"]
[Round "11"]
[White "Steer, Jozsef"]
[Black "Resika, Nathan A"]
[Result "0-1"]
[WhiteElo "1937"]
[BlackElo "2186"]
[PlyCount "110"]
[EventDate "2013.07.06"]
[EventType "tourn"]
[EventRounds "11"]
[EventCountry "HUN"]
[SourceTitle "CBM 155 Extra"]
[Source "ChessBase"]
[SourceDate "2013.08.26"]
[SourceVersion "1"]
[SourceVersionDate "2013.08.26"]
[SourceQuality "1"]

1. e4 g6 2. d4 d6 3. Bc4 Nf6 4. Nc3 Bg7 5. Nf3 0-0 6. h3 Nc6 7. Be3 Nxe4 8. Nxe4 d5 9. Bd3 dxe4 10. Bxe4 Qd6 11. c3 f5 12. Bc2 f4 13. Bb3+ Kh8 14. Bd2 e5 15. dxe5 Nxe5 16. Nxe5 Bxe5 17. Qf3 a5 18. Qd5 Qf6 19. a3 Ra6 20. Bc2 Be6 21. Qf3 Rd6 22. 0-0-0 Bd5 23. Be4 Bb3 24. Bc2 Bxc2 25. Kxc2 Qf5+ 26. Kc1 b5 27. Rhe1 Bg7 28. Qe4 Qf7 29. Qe7 Qc4 30. Qe4 Qb3 31. Qc2 Qf7 32. Qe4 Qb3 33. Qc2 Qa2 34. Qb1 Qf7 35. Qe4 h5 36. g4 fxg3 37. fxg3 Rfd8 38. Bf4 Rxd1+ 39. Rxd1 Rxd1+ 40. Kxd1 Qd7+ 41. Kc2 Kh7 42. h4 c5 43. Be3 c4 44. Bd4 Bxd4 45. Qxd4 Qxd4 46. cxd4 b4 47. Kd2 Kg7 48. d5 Kf6 49. Ke3 Ke5 50. axb4 axb4 51. d6 Kxd6 52. Kd4 c3 53. bxc3 b3 54. Kd3 Kc5 55. c4 b2 0-1

[Event "Budapest FS07 FM-A"]
[Site "Budapest"]
[Date "2013.07.15"]
[Round "10"]
[White "Resika, Nathan A"]
[Black "Kertesz, Zsolt"]
[Result "1-0"]
[WhiteElo "2186"]
[BlackElo "2084"]
[PlyCount "77"]
[EventDate "2013.07.06"]
[EventType "tourn"]
[EventRounds "11"]
[EventCountry "HUN"]
[SourceTitle "CBM 155 Extra"]
[Source "ChessBase"]
[SourceDate "2013.08.26"]
[SourceVersion "1"]
[SourceVersionDate "2013.08.26"]
[SourceQuality "1"]

1. Nf3 Nf6 2. c4 g6 3. g3 Bg7 4. Bg2 0-0 5. 0-0 d6 6. Nc3 Nc6 7. d3 e5 8. Rb1 a5 9. a3 h6 10. b4 axb4 11. axb4 Be6 12. b5 Ne7 13. Qb3 Qc8 14. Ba3 Nd7 15. b6 c5 16. Nb5 d5 17. Nd2 Nxb6 18. Nd6 Qc6 19. Nxb7 Qxb7 20. Bxc5 Rab8 21. Bd6 Qd7 22. Bxb8 Rxb8 23. c5 Nc6 24. cxb6 Nd4 25. Qd1 Nb5 26. Qc1 Rxb6 27. Qc5 Rb8 28. Rfc1 Bf8 29. Qc6 Nd4 30. Qxd7 Rxb1 31. Rxb1 Bxd7 32. e3 Ne2+ 33. Kf1 Nc3 34. Rb3 d4 35. Ne4 Nd5 36. exd4 exd4 37. Nc5 Bc6 38. Nd7 Be7 39. Ne5 1-0

[Event "Budapest FS07 FM-A"]
[Site "Budapest"]
[Date "2013.07.12"]
[Round "7"]
[White "Resika, Nathan A"]
[Black "Darazs, Zoltan"]
[Result "1-0"]
[WhiteElo "2186"]
[BlackElo "2161"]
[PlyCount "139"]
[EventDate "2013.07.06"]
[EventType "tourn"]
[EventRounds "11"]
[EventCountry "HUN"]
[SourceTitle "CBM 155 Extra"]
[Source "ChessBase"]
[SourceDate "2013.08.26"]
[SourceVersion "1"]
[SourceVersionDate "2013.08.26"]
[SourceQuality "1"]

1. c4 Nf6 2. g3 d5 3. cxd5 Nxd5 4. Bg2 Nb6 5. Nf3 g6 6. 0-0 Bg7 7. d4 0-0 8. Nc3 Nc6 9. d5 Na5 10. Bf4 Nac4 11. Rc1 Nd6 12. b3 h6 13. Nd4 g5 14. Be3 e5 15. dxe6 fxe6 16. Ndb5 Bxc3 17. Nxc3 Bd7 18. Bc5 Bc6 19. e4 e5 20. f3 Qf6 21. Qd2 Rfd8 22. Qe3 Nd7 23. Ba3 Nf8 24. Bb2 Ne6 25. Nd5 Qg7 26. Rfd1 Nb5 27. Kh1 Nbd4 28. Bh3 Kh8 29. Bxe6 Nxe6 30. Rd2 Rd7 31. f4 gxf4 32. gxf4 Nxf4 33. Rxc6 bxc6 34. Nxf4 Rxd2 35. Qxd2 Rg8 36. Ng2 Kh7 37. Bc1 Qf6 38. Qd7+ Kh8 39. Qf5 Qd6 40. Be3 Rf8 41. Qh5 Rf1+ 42. Bg1 Qf6 43. Nh4 Kh7 44. Nf5 Rf4 45. Ng3 a5 46. Bc5 Rh4 47. Qd1 Qe6 48. Qd8 Rf4 49. Qxc7+ Rf7 50. Qxa5 Qg4 51. Qd2 Rd7 52. Bd6 Qf3+ 53. Kg1 h5 54. Nf5 Qg4+ 55. Kf2 Qg6 56. a4 Rd8 57. Qb4 Rd7 58. Qc5 Qg5 59. Qxe5 Qd2+ 60. Kg3 Qe1+ 61. Kh3 Qf1+ 62. Kh4 Qf3 63. Qf4 Qxf4+ 64. Bxf4 Rb7 65. Nd4 c5 66. Ne6 c4 67. bxc4 Rb4 68. c5 Rxa4 69. c6 Rc4 70. c7 1-0

[Event "Budapest FS07 FM-A"]
[Site "Budapest"]
[Date "2013.07.08"]
[Round "3"]
[White "Resika, Nathan A"]
[Black "Andersen, Soren Mikkel"]
[Result "1-0"]
[WhiteElo "2186"]
[BlackElo "2115"]
[PlyCount "62"]
[EventDate "2013.07.06"]
[EventType "tourn"]
[EventRounds "11"]
[EventCountry "HUN"]
[SourceTitle "CBM 155 Extra"]
[Source "ChessBase"]
[SourceDate "2013.08.26"]
[SourceVersion "1"]
[SourceVersionDate "2013.08.26"]
[SourceQuality "1"]

1. c4 c6 2. Nf3 d5 3. g3 Nf6 4. Bg2 dxc4 5. 0-0 Nbd7 6. Na3 Nb6 7. Qc2 Qd5 8. b3 cxb3 9. axb3 Be6 10. b4 a6 11. d3 Qb3 12. Qxb3 Bxb3 13. Nd4 Be6 14. Nxe6 fxe6 15. Bb2 Nbd5 16. Nc2 Nd7 17. e4 Nc7 18. d4 Rg8 19. Ne3 Nb6 20. Rfc1 Rd8 21. f4 g6 22. Ng4 Bg7 23. Ne5 Nb5 24. Bh3 Nxd4 25. Bxd4 Rxd4 26. Bxe6 Rf8 27. b5 axb5 28. Ra7 Bxe5 29. fxe5 Rd7 30. Bxd7+ Nxd7 31. Rxb7 Nxe5 1-0

[Event "Budapest FS07 FM-A"]
[Site "Budapest"]
[Date "2013.07.07"]
[Round "2"]
[White "Farkas, Richard"]
[Black "Resika, Nathan A"]
[Result "0-1"]
[WhiteElo "2198"]
[BlackElo "2186"]
[PlyCount "70"]
[EventDate "2013.07.06"]
[EventType "tourn"]
[EventRounds "11"]
[EventCountry "HUN"]
[SourceTitle "CBM 155 Extra"]
[Source "ChessBase"]
[SourceDate "2013.08.26"]
[SourceVersion "1"]
[SourceVersionDate "2013.08.26"]
[SourceQuality "1"]

1. d4 g6 2. c4 Bg7 3. Nc3 d6 4. e4 Nf6 5. f3 0-0 6. Bg5 c5 7. d5 e6 8. Bd3 exd5 9. cxd5 Nbd7 10. Bf4 Re8 11. Nge2 Ne5 12. Bb1 Nh5 13. Be3 Nc4 14. Bc1 Qh4+ 15. g3 Qd8 16. 0-0 Bh3 17. Rf2 Bd7 18. g4 Nf6 19. b3 Ne5 20. h3 b5 21. Qc2 b4 22. Nd1 Bb5 23. Nb2 Bxe2 24. Qxe2 Nxd5 25. exd5 Nxg4 26. fxg4 Rxe2 27. Rxe2 Qh4 28. Kg2 Be5 29. Rxe5 dxe5 30. Nc4 Qe1 31. Bb2 Qe2+ 32. Kg3 f6 33. d6 Rd8 34. a3 Rxd6 35. axb4 Rd1 0-1

[Event "Budapest op 08"]
[Site "Budapest"]
[Date "2012.08.18"]
[Round "1"]
[White "Resika, Nathan A"]
[Black "Terbe, Zsuzsanna"]
[Result "1-0"]
[WhiteElo "2149"]
[BlackElo "1748"]
[PlyCount "37"]
[EventDate "2012.08.18"]
[EventType "swiss"]
[EventRounds "9"]
[EventCountry "HUN"]
[SourceTitle "EXT 2014"]
[Source "ChessBase"]
[SourceDate "2013.11.20"]
[SourceVersion "1"]
[SourceVersionDate "2013.11.20"]
[SourceQuality "1"]

1. Nf3 c5 2. c4 Nc6 3. g3 g6 4. Bg2 Bg7 5. 0-0 Nf6 6. Nc3 0-0 7. d4 d6 8. d5 Na5 9. Nd2 Nd7 10. Qc2 a6 11. Rb1 Rb8 12. b3 b5 13. Bb2 bxc4 14. bxc4 Ne5 15. Nd1 Qc7 16. f4 Nd7 17. Bxg7 Kxg7 18. Rxb8 Qxb8 19. Qc3+ 1-0

[Event "Budapest FS08 IM-A"]
[Site "Budapest"]
[Date "2012.08.14"]
[Round "11"]
[White "Resika, Nathan A"]
[Black "Laliena Solanes, Luis M"]
[Result "1-0"]
[WhiteElo "2149"]
[BlackElo "2199"]
[PlyCount "87"]
[EventDate "2012.08.04"]
[EventType "tourn"]
[EventRounds "11"]
[EventCountry "HUN"]
[EventCategory "1"]
[SourceTitle "CBM 149 Extra"]
[Source "ChessBase"]
[SourceDate "2012.08.24"]
[SourceVersion "1"]
[SourceVersionDate "2012.08.24"]
[SourceQuality "1"]

1. Nf3 c5 2. c4 g6 3. g3 Bg7 4. Bg2 Nc6 5. Nc3 e5 6. 0-0 Nge7 7. a3 0-0 8. Rb1 a5 9. Ne1 d6 10. Nc2 Be6 11. Ne3 Rb8 12. d3 Nd4 13. Ned5 Nxd5 14. cxd5 Bd7 15. a4 b5 16. e3 Nf5 17. Nxb5 Bxb5 18. axb5 Rxb5 19. Bd2 Qb6 20. Bc3 Ne7 21. Ra1 f5 22. Ra4 Qb7 23. Qa1 Ra8 24. Qa2 Nc8 25. Ra1 Bf6 26. Qb1 Bd8 27. f4 exf4 28. gxf4 Qf7 29. Qf1 Bf6 30. d4 Rb3 31. Qc4 Rb4 32. Bxb4 Nb6 33. Qb5 Nxa4 34. Bd2 Nxb2 35. Qxb2 cxd4 36. Rxa5 Rxa5 37. Qb8+ Kg7 38. Bxa5 dxe3 39. Qxd6 Bd4 40. Kf1 Qe8 41. Qc7+ Kh6 42. Qc4 Ba7 43. Ke2 g5 44. Qc6+ 1-0

[Event "Budapest FS08 IM-A"]
[Site "Budapest"]
[Date "2012.08.08"]
[Round "5"]
[White "To, Nhat Minh"]
[Black "Resika, Nathan A"]
[Result "1/2-1/2"]
[WhiteElo "2287"]
[BlackElo "2149"]
[PlyCount "44"]
[EventDate "2012.08.04"]
[EventType "tourn"]
[EventRounds "11"]
[EventCountry "HUN"]
[EventCategory "1"]
[SourceTitle "CBM 149 Extra"]
[Source "ChessBase"]
[SourceDate "2012.08.24"]
[SourceVersion "1"]
[SourceVersionDate "2012.08.24"]
[SourceQuality "1"]

1. e4 g6 2. d4 Bg7 3. Nc3 d6 4. Nf3 Nf6 5. Be2 0-0 6. 0-0 Nc6 7. h3 e5 8. dxe5 dxe5 9. Be3 Qe7 10. Nd5 Nxd5 11. exd5 Nd4 12. Bxd4 exd4 13. Bc4 Qc5 14. Bb3 a5 15. a4 Ra6 16. Qd2 Rd6 17. Rad1 d3 18. c3 Rb6 19. Ba2 Bf5 20. Rfe1 Bd7 21. Re4 Bf5 22. Ree1 Bd7 1/2-1/2

[Event "Budapest FS08 IM-A"]
[Site "Budapest"]
[Date "2012.08.04"]
[Round "1"]
[White "Kojima, Shinya"]
[Black "Resika, Nathan A"]
[Result "1-0"]
[WhiteElo "2282"]
[BlackElo "2149"]
[PlyCount "131"]
[EventDate "2012.08.04"]
[EventType "tourn"]
[EventRounds "11"]
[EventCountry "HUN"]
[EventCategory "1"]
[SourceTitle "CBM 149 Extra"]
[Source "ChessBase"]
[SourceDate "2012.08.24"]
[SourceVersion "1"]
[SourceVersionDate "2012.08.24"]
[SourceQuality "1"]

1. Nf3 g6 2. e4 Bg7 3. d4 d6 4. c4 Nf6 5. Nc3 0-0 6. Be2 Na6 7. 0-0 e5 8. Be3 Ng4 9. Bg5 Qe8 10. Re1 exd4 11. Nd5 f6 12. Bf4 d3 13. Qxd3 Ne5 14. Qc2 Qf7 15. Rad1 c6 16. Ne3 Qe7 17. Nd4 Nc5 18. Bg3 a5 19. f4 Nf7 20. Bf3 Qc7 21. Kh1 Bd7 22. b3 Rfe8 23. h3 Re7 24. Nf1 Rae8 25. Re2 Qb6 26. Bf2 Qc7 27. Kh2 Bc8 28. Nd2 Ne5 29. fxe5 fxe5 30. Nxc6 bxc6 31. Bxc5 dxc5 32. Re3 Rd8 33. Nb1 Rd4 34. Nc3 Bh6 35. Red3 Rf7 36. Ne2 Be6 37. Nxd4 exd4+ 38. Kh1 Be3 39. Qe2 Bf4 40. Bg4 Bxg4 41. Qxg4 Be3 42. Qe6 Kg7 43. e5 Qe7 44. Qd6 Qxd6 45. exd6 Rd7 46. g4 Bf4 47. Re1 Bxd6 48. Kg2 g5 49. Re8 Kf6 50. Kf3 Kf7 51. Rc8 Bc7 52. Ke2 Re7+ 53. Kd1 Ke6 54. Rf3 Kd7 55. Rcf8 Bf4 56. Ra8 Kd6 57. Rxa5 h5 58. gxh5 Rh7 59. Ra8 Rxh5 60. a4 Rh7 61. a5 Ke5 62. a6 Re7 63. a7 Ke4 64. Ke2 Be3 65. Rff8 d3+ 66. Kd1 1-0

[Event "USA-chT Amateur East"]
[Site "Parsippany"]
[Date "2010.02.15"]
[Round "6"]
[White "Resika, Nathan A"]
[Black "Selzler, Richard"]
[Result "0-1"]
[WhiteElo "2245"]
[BlackElo "2193"]
[PlyCount "56"]
[EventDate "2010.02.13"]
[EventType "team-tourn"]
[EventRounds "6"]
[EventCountry "USA"]
[SourceTitle "CBM 135 Extra"]
[Source "ChessBase"]
[SourceDate "2010.05.04"]
[SourceVersion "1"]
[SourceVersionDate "2010.05.04"]
[SourceQuality "1"]

1. c4 g6 2. g3 Bg7 3. Bg2 e5 4. Nc3 Nc6 5. d3 d6 6. e4 h5 7. h4 Nh6 8. Nge2 Be6 9. Nd5 0-0 10. 0-0 f5 11. Bg5 Qd7 12. exf5 Nxf5 13. Be4 Kh7 14. Nec3 Ncd4 15. Ne2 Nxe2+ 16. Qxe2 c6 17. Ne3 d5 18. Nxf5 Bxf5 19. cxd5 cxd5 20. Bxf5 Rxf5 21. Rac1 Raf8 22. Be3 b6 23. Rc2 Rf3 24. Kg2 Qg4 25. Bg5 e4 26. dxe4 dxe4 27. Rc4 Be5 28. Rc3 Bxg3 0-1

[Event "Budapest FS08 FM-A"]
[Site "Budapest"]
[Date "2003.08.05"]
[Round "4"]
[White "Koczo, Kristof"]
[Black "Resika, Nathan A"]
[Result "1-0"]
[WhiteElo "2119"]
[BlackElo "2191"]
[PlyCount "119"]
[EventDate "2003.08.02"]
[EventType "tourn"]
[EventRounds "13"]
[EventCountry "HUN"]
[SourceTitle "CBM 095 Extra"]
[Source "ChessBase"]
[SourceDate "2003.09.04"]
[SourceVersion "1"]
[SourceVersionDate "2003.09.04"]
[SourceQuality "1"]

1. d4 d6 2. e4 Nf6 3. Nc3 g6 4. Bg5 c6 5. Qd2 b5 6. Bd3 h6 7. Bh4 g5 8. Bg3 Nh5 9. e5 Bg7 10. Qe2 Nxg3 11. hxg3 dxe5 12. dxe5 Qa5 13. f4 Na6 14. Be4 Bd7 15. Nf3 b4 16. Nd1 Nc5 17. 0-0 Nxe4 18. Qxe4 Qc5+ 19. Kh2 Be6 20. Ne3 Bd5 21. Nxd5 cxd5 22. Qd4 Rc8 23. Qxc5 Rxc5 24. Nd4 e6 25. a3 Rc4 26. Rfd1 0-0 27. b3 Rc3 28. axb4 Rb8 29. Rxa7 h5 30. b5 h4 31. Rd3 Rxd3 32. cxd3 hxg3+ 33. Kxg3 gxf4+ 34. Kxf4 Bh6+ 35. Kf3 Bg7 36. Ra5 Rb7 37. Nc6 Kh7 38. Ke2 Kg6 39. d4 Bh6 40. Kd3 Bg5 41. b4 Bh4 42. Kc2 Bf2 43. Kb3 Kf5 44. Ra2 Be3 45. Ka4 Ke4 46. Ka5 Bxd4 47. Re2+ Be3 48. b6 d4 49. Nxd4 Kxd4 50. Rxe3 Kxe3 51. Ka6 Rd7 52. b7 Rd8 53. Ka7 Kd4 54. b8Q Rxb8 55. Kxb8 Kc4 56. Kc7 Kxb4 57. Kd6 Kc4 58. Ke7 Kd5 59. Kf6 Ke4 60. g4 1-0

[Event "Ikaros op"]
[Site "Ikaros"]
[Date "2003.07.18"]
[Round "7"]
[White "Valden, Petros"]
[Black "Resika, Nathan A"]
[Result "0-1"]
[WhiteElo "2126"]
[BlackElo "2191"]
[PlyCount "44"]
[EventDate "2003.07.12"]
[EventType "swiss"]
[EventRounds "9"]
[EventCountry "GRE"]
[SourceTitle "CBM 095 Extra"]
[Source "ChessBase"]
[SourceDate "2003.09.04"]
[SourceVersion "1"]
[SourceVersionDate "2003.09.04"]
[SourceQuality "1"]

1. c4 e5 2. Nc3 Nc6 3. g3 Nf6 4. Bg2 Bc5 5. e3 d5 6. cxd5 Nb4 7. d4 exd4 8. exd4 Be7 9. Nge2 Bf5 10. 0-0 Nc2 11. g4 Bg6 12. Nf4 Nxa1 13. h4 0-0 14. h5 Bc2 15. Qe2 Bd6 16. Be3 Re8 17. Qf3 Ne4 18. Rxa1 Qh4 19. Nh3 Nxc3 20. bxc3 Be4 21. Qd1 Bxg2 22. Kxg2 Rxe3 0-1